[Event "Lagos Malogy op"]
[Site "Lagos"]
[Date "2014.04.13"]
[Round "8"]
[White "Dasaolu, Rotimi"]
[Black "Adeyemi, Adedeji"]
[Result "1-0"]
[WhiteElo "2043"]
[BlackElo "1993"]
[PlyCount "69"]
[EventDate "2014.04.10"]
[EventType "tourn"]
[EventRounds "9"]
[EventCountry "NGR"]
[SourceTitle "EXT 2018"]
[Source "ChessBase"]
[SourceDate "2017.10.13"]
[SourceVersion "1"]
[SourceVersionDate "2017.10.13"]
[SourceQuality "1"]

1. Nf3 Nf6 2. c4 c5 3. Nc3 Nc6 4. g3 e5 5. d3 Nd4 6. Bg2 d6 7. Bg5 Be7 8. Bxf6 Bxf6 9. Nd2 0-0 10. e3 Nc6 11. 0-0 g6 12. Rb1 Bd7 13. a3 Rb8 14. b4 cxb4 15. axb4 a6 16. Nd5 Bg7 17. b5 axb5 18. cxb5 Ne7 19. Nc4 Nxd5 20. Bxd5 Be6 21. Qf3 b6 22. Bxe6 fxe6 23. Qc6 Rf7 24. Qxd6 Qxd6 25. Nxd6 Rd7 26. Ne4 Rxd3 27. Rfc1 Rb7 28. Rc6 h6 29. Rxe6 Kf7 30. Rd6 Ra3 31. Rc6 Bf8 32. Rd1 Rb3 33. Rd5 Ra7 34. Rf6+ Kg7 35. Rxb6 1-0

[Event "Lagos Malogy op"]
[Site "Lagos"]
[Date "2014.04.11"]
[Round "4"]
[White "Babalola, Bayo"]
[Black "Dasaolu, Rotimi"]
[Result "1/2-1/2"]
[WhiteElo "2047"]
[BlackElo "2043"]
[PlyCount "37"]
[EventDate "2014.04.10"]
[EventType "tourn"]
[EventRounds "9"]
[EventCountry "NGR"]
[SourceTitle "EXT 2018"]
[Source "ChessBase"]
[SourceDate "2017.10.13"]
[SourceVersion "1"]
[SourceVersionDate "2017.10.13"]
[SourceQuality "1"]

1. e4 d5 2. exd5 Qxd5 3. Nc3 Qd6 4. d4 Nf6 5. Bc4 a6 6. a4 Bg4 7. f3 Bf5 8. Nge2 e6 9. Bf4 Qb4 10. Bb3 c5 11. Bd2 cxd4 12. Nb5 Qc5 13. Nbxd4 Bg6 14. Be3 Qa5+ 15. c3 Be7 16. Bc4 e5 17. Nb3 Qc7 18. Bd3 Nbd7 19. 0-0 1/2-1/2

[Event "Lagos Malogy op"]
[Site "Lagos"]
[Date "2014.04.11"]
[Round "3"]
[White "Dasaolu, Rotimi"]
[Black "Oluwaseyitan, Femi"]
[Result "1/2-1/2"]
[WhiteElo "2043"]
[BlackElo "2134"]
[PlyCount "104"]
[EventDate "2014.04.10"]
[EventType "tourn"]
[EventRounds "9"]
[EventCountry "NGR"]
[SourceTitle "EXT 2018"]
[Source "ChessBase"]
[SourceDate "2017.10.13"]
[SourceVersion "1"]
[SourceVersionDate "2017.10.13"]
[SourceQuality "1"]

1. e4 c6 2. d3 d5 3. Nd2 e5 4. g3 Nf6 5. Bg2 Bg4 6. Ngf3 Nbd7 7. h3 Bh5 8. Qe2 d4 9. g4 Bg6 10. Nh4 Qc7 11. Nf5 0-0-0 12. Nf1 Bxf5 13. exf5 Bb4+ 14. Bd2 Bxd2+ 15. Nxd2 Nb6 16. g5 Nfd5 17. Be4 Nf4 18. Qf3 Qd6 19. 0-0-0 Kc7 20. Kb1 Qb4 21. a3 Qb5 22. Ka2 a5 23. Rhg1 a4 24. Rg4 Qc5 25. Kb1 Ra8 26. Rxf4 exf4 27. Qxf4+ Qd6 28. Qg4 Ra5 29. Re1 Re5 30. Rg1 Re7 31. Rg3 f6 32. h4 fxg5 33. hxg5 h6 34. Rh3 Ree8 35. f6 gxf6 36. gxh6 Reg8 37. Qf3 Rg1+ 38. Ka2 Qe6+ 39. b3 axb3+ 40. cxb3 Na4 41. Qf4+ Kb6 42. Nc4+ Ka6 43. bxa4 Qxh3 44. Qc7 Ka7 45. Bxc6 Qc8 46. Qb6+ Kb8 47. Be4 Rxh6 48. Qxd4 f5 49. Qe5+ Qc7 50. Qxf5 Qg7 51. Qf4+ Ka7 52. Qe3+ Kb8 1/2-1/2

[Event "Gibraltar Masters 12th"]
[Site "Caleta"]
[Date "2014.02.06"]
[Round "10"]
[White "Sanchez Castillo, Sarai Carolina"]
[Black "Dasaolu, Rotimi"]
[Result "1-0"]
[WhiteElo "2219"]
[BlackElo "2077"]
[PlyCount "91"]
[EventDate "2014.01.28"]
[EventType "swiss"]
[EventRounds "10"]
[EventCountry "GGB"]
[SourceTitle "CBM 159"]
[Source "ChessBase"]
[SourceDate "2014.03.17"]
[SourceVersion "1"]
[SourceVersionDate "2014.03.17"]
[SourceQuality "1"]

1. e4 c5 2. Nf3 d6 3. Nc3 a6 4. d4 cxd4 5. Nxd4 Nf6 6. Bc4 e6 7. Bb3 Nbd7 8. Bg5 Nc5 9. f4 Be7 10. Qf3 Qc7 11. 0-0-0 b5 12. Bxf6 gxf6 13. f5 b4 14. fxe6 Nxb3+ 15. axb3 bxc3 16. exf7+ Kxf7 17. e5 cxb2+ 18. Kxb2 dxe5 19. Qd5+ Kg7 20. Rd3 Rd8 21. Rg3+ Kh8 22. Qxa8 Rxd4 23. Qf3 Bb7 24. Qh5 Rd8 25. Rd1 Bd6 26. Rxd6 Qxd6 27. Qf7 Qf8 28. Qxb7 Rd6 29. Rh3 Qg8 30. Rg3 Qf8 31. Rc3 Rd8 32. Rc7 Qh6 33. Qxa6 Rf8 34. Qd6 Kg8 35. Qe6+ Kh8 36. h3 Qg6 37. g4 Re8 38. Re7 Rf8 39. Rd7 Re8 40. Re7 Rf8 41. Qd6 Kg8 42. b4 Qe4 43. Rd7 Qe3 44. h4 Qf4 45. Qe6+ Kh8 46. Qe7 1-0

[Event "Gibraltar Challengers-B 12th"]
[Site "Caleta"]
[Date "2014.02.02"]
[Round "2"]
[White "Janev, Pavel"]
[Black "Dasaolu, Rotimi"]
[Result "1-0"]
[WhiteElo "2203"]
[BlackElo "2077"]
[PlyCount "113"]
[EventDate "2014.02.01"]
[EventType "swiss"]
[EventRounds "5"]
[EventCountry "GGB"]
[SourceTitle "CBM 158 Extra"]
[Source "ChessBase"]
[SourceDate "2014.02.28"]
[SourceVersion "1"]
[SourceVersionDate "2014.02.28"]
[SourceQuality "1"]

1. e4 d5 2. exd5 Qxd5 3. Nc3 Qd6 4. d4 Nf6 5. Nf3 g6 6. Be3 Bg7 7. Bd3 c6 8. Qd2 0-0 9. 0-0 Be6 10. Bf4 Qd8 11. Bh6 Bg4 12. Bxg7 Kxg7 13. Be2 h6 14. Rad1 Qd6 15. Ne5 Bxe2 16. Qxe2 e6 17. f4 Nbd7 18. Nxd7 Nxd7 19. Ne4 Qe7 20. c4 b6 21. Rd3 Rfe8 22. Rfd1 Nf6 23. Nd2 c5 24. Nf3 cxd4 25. Rxd4 Red8 26. Qd2 Qc5 27. b4 Rxd4 28. Qxd4 Qxb4 29. g4 Qc5 30. g5 Qxd4+ 31. Rxd4 Nh5 32. Ne5 hxg5 33. fxg5 Rc8 34. Rd7 Rc5 35. Nxf7 Ra5 36. Nd8+ Kg8 37. Nxe6 Rxa2 38. h4 a5 39. Rd6 Rb2 40. Nc7 a4 41. Nb5 Nf4 42. Rf6 Ne2+ 43. Kf2 Nd4+ 44. Ke3 Nxb5 45. Rxg6+ Kh8 46. Rxb6 a3 47. cxb5 Rh2 48. Kd3 Rxh4 49. Kc3 Rh2 50. Ra6 Rb2 51. Kc4 a2 52. Kc5 Rc2+ 53. Kb6 Rb2 54. Kc6 Rc2+ 55. Kb7 Kg7 56. b6 Re2 57. Ka7 1-0